000 00968nam a22002897a 4500
001 BR8109030
003 BR-BrBNA
005 20230928091220.0
007 ta
008 230509b bl.||||| |||| 00| 0 por d
040 _aBR-BrBNA
_bpor
_cBiblioteca Nacional de Agricultura
041 _a(Por)
072 _aE21; Q02
_b9993
_b/G514
090 _ 9993 BR8109030
110 1 _aCentro de Apoio a Pequena e Media Empresa de Santa Catarina, Florianopolis (Brasil)
_91436
245 1 _aPerfil industrial fabricacao de vinagre [Santa Catarina, Brasil]
260 3 _aFlorianopolis, SC (Brasil):
_c1981.
300 _a31 p.
500 _a15 tables. (*) Documento disponível na(o) Instituto de Planejamento e Economia Agricola de Santa Catarina, Florianopolis (Brazil)
650 _aINDUSTRIA AGRICOLA
650 _aVINAGRE
650 _aVINHO
650 _aPROJETO INDUSTRIAL
650 _aSANTA CATARINA
909 _a202309
_bLucia
_c55
_dLucia Elande
942 _cBK
999 _c32881
_d32881